Normal view
MARC view
- Nordlinger, Eric A.
Entry Personal Name
001 - CONTROL NUMBER
- control field: 3257
003 - CONTROL NUMBER IDENTIFIER
- control field: OSt
005 - DATE AND TIME OF LATEST TRANSACTION
- control field: 20170511102203.0
008 - FIXED-LENGTH DATA ELEMENTS
- fixed length control field: 170511|| aca||aabn | a|a d
040 ## - CATALOGING SOURCE
- Original cataloging agency: OSt
- Transcribing agency: OSt
100 ## - HEADING--PERSONAL NAME
- Personal name: Nordlinger, Eric A.
670 ## - SOURCE DATA FOUND
- Source citation: Work cat.: (OSt)0: Nordlinger, Eric A., Tentera dalam politik :, 1986

PORTAL AKMAL
E-MEL JKDM
AKMAL2U
G-BAM
u-PUSTAKA